|
|
|
|
| LEADER |
01893nam a2200313 a 4500 |
| 001 |
0017833 |
| 003 |
BD-DhAAL |
| 008 |
090621s2006 it a 000 0 eng d |
| 010 |
|
|
|a 2007279149
|
| 020 |
|
|
|a 9788876242731
|
| 020 |
|
|
|a 8876242732
|
| 040 |
|
|
|a YRM
|c YRM
|d UKM
|d BAKER
|d C3L
|d VP@
|d NLGGC
|d YDXCP
|d PPT
|d DLC
|d BD-DhAAL
|
| 082 |
0 |
0 |
|a 711.558
|2 22
|
| 100 |
1 |
|
|a Aymonino, Aldo.
|9 916
|
| 245 |
0 |
0 |
|a Contemporary public space :
|b un-volumetric architecture /
|c Aldo Aymonino, Valerio Paolo Mosco
|
| 260 |
|
|
|a Milano, Italy :
|b Skira ;
|a New York, NY :
|b Distributed in North America by Rizzoli International Publications,
|c 2006.
|
| 300 |
|
|
|a 393 p. :
|b ill. (some col.) ;
|c 22 cm
|
| 505 |
0 |
|
|a Surfaces / Enrico Morteo -- Vertical / Wes Jones -- Enclosures / Alberto Ferlenga -- Design / Ilhyun Kim -- Shelters / Kengo Kuma -- Environment / Juan Purcell F. -- Earthworks / Bernardo Secchi -- Figures / Pippo Ciorra -- Technology /Arie Graafland -- Events / James Wines.
|
| 526 |
|
|
|a ARC
|x Md. Shajjad Hossain,
Faculty members of the Department of Architecture
|
| 541 |
1 |
|
|e 0017833
|a Zeenat Book Supply LTD
|
| 650 |
|
0 |
|a Public spaces
|x Design.
|9 917
|
| 650 |
|
0 |
|a Space (Architecture)
|9 918
|
| 650 |
|
0 |
|a Urban landscape architecture.
|9 919
|
| 700 |
1 |
|
|a Mosco, Valerio Paolo.
|9 920
|
| 852 |
4 |
|
|a Ayesha Abed Library
|c General Stacks
|
| 942 |
|
|
|2 ddc
|c BK
|
| 999 |
|
|
|c 1503
|d 1503
|
| 952 |
|
|
|0 0
|1 4
|2 ddc
|4 0
|6 711_558000000000000_AYM
|7 0
|9 8951
|a BRACUL
|b BRACUL
|c GEN
|d 2010-04-04
|e Zeenat Book Supply Limited
|g 2693.00
|l 10
|m 42
|o 711.558 AYM
|p 3010017833
|r 2015-06-30
|s 2015-05-25
|t 1
|w 2010-04-04
|y BK
|x Koha Inventory 2020 ; Requisitioned by Md. Shajjad Hossain (Faculty members of the Department of Architecture).
|
| 952 |
|
|
|0 0
|1 0
|2 ddc
|4 0
|6 711_558000000000000_AYM
|7 0
|9 13764
|a BRACUL
|b BRACUL
|c GEN
|d 2011-01-11
|e Zeenat Book Supply Ltd.
|g 2693.00
|l 18
|m 118
|o 711.558 AYM
|p 3010021683
|r 2022-04-11
|s 2020-01-15
|t 2
|w 2011-01-11
|y BK
|